| 000 | 00620nam a2200205 i 4500 | ||
|---|---|---|---|
| 001 | 40095 | ||
| 003 | ES-MaACL | ||
| 005 | 20230906160136.0 | ||
| 007 | t| | ||
| 008 | 030305s1944 sp ||||1| spa d | ||
| 100 | 1 |
_aCañizo Suárez, Jesús del. _934764 |
|
| 245 | 1 | 4 |
_aLas cirrosis hepáticas / _cpor Jesús del Cañizo Suárez. |
| 250 | _a1ª ed. | ||
| 260 |
_aBarcelona : _bSalvat, _c1944 ( _fImp. Hispano-Americana) |
||
| 300 |
_a124 p. ; _c23 cm. |
||
| 490 | 1 | _aManuales de medicina práctica | |
| 830 | 0 |
_aManuales de medicina práctica _9181070 |
|
| 852 |
_aES-MaACL _jE-1122 _bR.21801 |
||
| 999 |
_c40095 _d40095 |
||